|
|
|
|
| LEADER |
00000cam a2200000 7i4500 |
| 001 |
0000006606 |
| 005 |
20151222.0 |
| 008 |
070817 |
| 020 |
|
|
|a 9838772429
|
| 090 |
0 |
0 |
|a JF
|b SC ENG (6826)
|
| 100 |
1 |
|
|a Tan,Eunice
|
| 245 |
1 |
0 |
|a Natural phenomena on Earth
|c Eunice Tan
|
| 260 |
|
|
|a Selangor :
|b Penerbit Prisma ,
|c 2005
|
| 440 |
|
|
|a Smart Science
|
| 500 |
|
|
|a Children ages 7-9 years old (orange)
|
| 650 |
|
0 |
|a Rafuse and rafuse disposal
|x Juvenile literature
|
| 710 |
0 |
|
|a Title
|
| 999 |
|
|
|a 0000985666
|b Book
|c Children Collection
|e Cawangan Taman Universiti
|
| 999 |
|
|
|a 0000985667
|b Book
|c Children Collection
|e Cawangan Bandar Penawar
|
| 999 |
|
|
|a 0000985668
|b Book
|c Children Collection
|e Cawangan Pontian
|
| 999 |
|
|
|a 0000985669
|b Book
|c Children Collection
|e Perbadanan Perpustakaan Awam Johor
|
| 999 |
|
|
|a 0001140116
|b Book
|c Children Collection
|e Cawangan Segamat
|
| 999 |
|
|
|a 0001140117
|b Book
|c Children Collection
|e Cawangan Bandar Penawar
|